000 02039nam0a2200361 4500
001 RU\NLR\BIBL_A\012205232
005 20200214153250.0
010 _a978-5-00118-377-8
_9100
021 _aRU
_bКН-П-19-100153
_9КН-П-19-7353
035 _a(NLR Aleph) 012205232
035 _a(RuMoRGB)010212033
090 _a10859090
_c10859090
100 _a20200204d2019 k y0rusy50 ca
101 0 _arus
102 _aRU
105 _ay|||j|||000zy
181 0 _ai
_baxxe
182 0 _an
200 1 _aКриминалистика
_eучебно-методическое пособие
_e[для курсантов и слушателей образовательных организаций МВД России, обучающихся по специальности "Правоохранительная деятельность" и "Правовое обеспечение национальной безопасности", а также для студентов юридических вузов Министерства науки и высшего образования]
_fА. Ф. Лубин, С. А. Лубин
203 _aТекст
_bвизуальный
_cнепосредственный
210 _aКазань
_cБук
_d2019
215 _a175 с.
_d21
300 _aНа с. 3 авт.: Лубин А.Ф., д.ю.н., проф., Лубин С.А., к.ю.н.
320 _aБиблиогр.: с. 165-172 (121 назв.) и в подстроч. примеч.
606 1 _aКриминалистика
_jУчебно-методические пособия для высших учебных заведений
_yРоссийская Федерация
_92082870
_3RU\NLR\AUTH\661258910
686 1 _aХ629.4я73
700 1 _aЛубин
_bА. Ф.
_gАлександр Федорович
701 1 _aЛубин
_bС. А.
_gСергей Александрович
942 _cBOOK
980 _aNBR
980 _aNB